000 01198cam a22003137a 4500
001 13948023
005 20240818092924.0
008 050502s2002 njua b 100 0 eng d
010 _a2005297892
020 _a9810247966
035 _a(OCoLC)ocm49745664
040 _aWTU
_cWTU
_dDLC
042 _alccopycat
050 0 0 _aQA613.62
_b.E94 2000
082 0 0 _a514.72
_222
_bPRO
111 2 _aEuroworkshop on Foliations Geometry and Dynamics
_d(2000 :
_cWarsaw, Poland)
_96970
245 1 0 _aProceedings of the Euroworkshop on Foliations Geometry and Dynamics, 29 May-9 June 2000, Warsaw, Poland /
_ceditors, Pawe Walczak ... [et al.].
246 1 4 _aFoliations geometry and dynamics
260 _aRiver Edge, N.J. :
_bWorld Scientific,
_cc2002.
300 _aviii, 452 p. :
_bill. ;
_c23 cm.
504 _aIncludes bibliographical references.
650 0 _aFoliations (Mathematics)
_vCongresses.
_96971
700 1 _aWalczak, Pawet.
_96972
942 _2ddc
_cBB
_hRDA-MOD
999 _c12041
_d12041
336 _2rdacontent
_atext
_btxt
337 _aunmediated
_2rdamedia
_bn
338 _avolume
_bnc
_2rdacarrier